• 首页
  • 本馆介绍
  • 公告通知
  • 最新文献
  • 馆藏检索
  • 电子资源
  • 读者导购
  • 参考咨询
  • 我的图书馆
  • 登录
  • 详细信息显示
  • 放入我的书架
  • 预约/预借图书
  • 作者相关作品
  • 分类相关作品
  • 丛书相关作品
  • 出版社相关作品

书目信息

  • 表格格式
  • 工作单格式
  • 卡片格式
题名:
四十一炮
    
 
作者: 莫言 著
分册:  
出版信息: 北京   作家出版社  2012.11
页数: 374页
开本: 23cm
丛书名: 莫言文集
单 册:
中图分类: I247.57 , I217.2
科图分类:
主题词: 长篇小说--中国--当代 , 长篇小说 , 文学--作品集--中国
电子资源:
ISBN: 978-7-5063-6694-6
000 00899oam2 2200289 450
001 0100101067592
005 20130422161534.65
010    @a978-7-5063-6694-6@dCNY35.00,CNY700.00(全20册)
100    @a20121119d2012 em y0chiy50 ea
101 0  @achi
102    @aCN@b110000
105    @ay z 000ay
106    @ar
200 1  @a四十一炮@9si shi yi pao@f莫言著
210    @a北京@c作家出版社@d2012.11
215    @a374页@d23cm
225 2  @a莫言文集
330    @a十年前,一个冬日的早晨;十年前一个冬日的早晨——那是什么岁月?你几岁?云游四方、行踪不定、暂时寓居这废弃小庙的兰大和尚睁开眼睛……
461  0 @12001 @a莫言文集
606 0  @a长篇小说@y中国@z当代
606 0  @a长篇小说
606 0  @a文学@x作品集@x中国
690    @aI247.57@v5
690    @aI217.2@v4
701  0 @a莫言@9mo yan@f(1955-)@4著
801  0 @aCN@bRENTIAN@c20121119
905    @b541958-60@dI217.2@e656:13@f3@xCNY35.00
    
    四十一炮/莫言著.-北京:作家出版社,2012.11
    374页;23cm.-(莫言文集)
    
    
    ISBN 978-7-5063-6694-6:CNY35.00,CNY700.00(全20册)
    十年前,一个冬日的早晨;十年前一个冬日的早晨——那是什么岁月?你几岁?云游四方、行踪不定、暂时寓居这废弃小庙的兰大和尚睁开眼睛……
●
相关链接 在E读中查询图书 在五车中查询图书 在当当中查询图书 在豆瓣中查询图书


正题名:四十一炮     索取号:I217.2/656:13         预约/预借

序号 登录号 条形码 馆藏地/架位号 状态 备注
1 0541958   205419581   第一样本阅览室/ [索取号:I217.2/656:13] 在馆    
2 0541959   205419590   第二借阅区/ [索取号:I217.2/656:13] 在馆    
3 0541960   205419607   第二借阅区/ [索取号:I217.2/656:13] 在馆    
唐山师范学院图书馆 欢迎您!
大连网信软件有限公司© 版权所有